| 000 | 00756cab a2200265 4500 | ||
|---|---|---|---|
| 001 | ABS54207 | ||
| 008 | 090401t1995 xxu||||| |||| 00| 0 eng d | ||
| 035 | _a(Sirsi) u9015 | ||
| 041 | _aeng | ||
| 100 | _aAllen, J.D. | ||
| 245 | _aTurning back the tide | ||
| 260 | _c1995 | ||
| 350 | _a0 | ||
| 490 |
_aConstruction News _v(6446) 21 December 1995, 14(1) |
||
| 520 | _aReports on the National River Authority`s project to replenish eroded beaches along 24 km of coastline between Mablethorpe and Skegness. | ||
| 650 | _aBEACH NOURISHMENT | ||
| 650 | _aBEACHES | ||
| 650 | _aCOASTAL EROSION | ||
| 650 | _aCOASTAL MANAGEMENT | ||
| 650 | _aCOASTS | ||
| 650 | _aLINCOLNSHIRE | ||
| 690 | _aMARINE RESOURCES | ||
| 942 | _n0 | ||
| 948 | _c04/03/1997 | ||
| 999 |
_c5587 _d5587 |
||